000 00513nam a2200193Ia 4500
005 20240823030705.0
008 240823s9999||||xx |||||||||||||| ||und||
020 _a978-0-521-16518-1
041 _aENGLISH
082 _A574.191 P9
100 _aRoss Ethier and Craig A Simmons
245 0 _aIntroductory Biomechanics from cells to Organisms
250 _a1st
260 _c2009
_bCambridge University Pres
500 _aYES
650 _aBiomechanics
_bBio Medical Engg.
942 _cBK
999 _c189297
_d189297